00859cam a22002537a 4500003000500000005001700005008004100022010001000063011001000073020001500083035001000098040000900108100001700117245013300134260010200267300001900369490003300388650003800421650003800459650002900497650002800526700001800554830003300572CHAP20220329142628.0020604d1997 fr a r 00110 spa d a85847 a86819 a2910810216 a97359 cCHAP00aDadzie, B.K.10aEvaluación rutinaria postcosecha de hibridos de bananos y plátanos :bcriterios y métodosc/por B-K. Dadzie y J.E. Orchard aMontpelilier, Francia :bRed Internacional para el Mejoramiento del Banano y el Plátano,c1997. a63 p. :bilus. 0aGuías técnicas INIBAPv214aPátanoxPérdidas postcosecha.14aPlátanoxAspectos económicos.14aPlátanoxMaduración.14aPlátanoxRendimiento.0 aOrchard, J.E.00aGuías técnicas INIBAPv2